UBT Library

NDT (Record no. 26117)

000 -LEADER
fixed length control field 00246nam a22001217a 4500
008 - FIXED-LENGTH DATA ELEMENTS--GENERAL INFORMATION
fixed length control field 170905b xxu||||| |||| 00| 0 eng d
041 ## - LANGUAGE CODE
Language code of text/sound track or separate title eng
080 ## - UNIVERSAL DECIMAL CLASSIFICATION NUMBER
Universal Decimal Classification number 616.613
100 ## - Rafti
Rafti 09
101 ## - Shkurtesa
Shkurtesa PAT
245 ## - TITLE STATEMENT
Title NDT
Statement of responsibility, etc LAMEIRE,N
942 ## - ADDED ENTRY ELEMENTS (KOHA)
Source of classification or shelving scheme
Item type Books
Holdings
Withdrawn status Lost status Source of classification or shelving scheme Damaged status Not for loan Collection code Permanent location Current location Shelving location Date acquired Total Checkouts Full call number Barcode Date last seen Price effective from Koha item type
          Koleksioni i përgjithshem UBT - Lipjan UBT - Lipjan Koleksioni i përgjithshem 09/05/2017   616.613 LAM 002-2920022 09/05/2017 09/05/2017 Books
UBT Library © 2015-2024. All rights reserved University Education for Business and Technology